00657nam a2200241Ia 450000500170000000800460001702000180006303700100008104000080009104000080009904000080010704100080011504100080012308400080013124500350013926000310017426000090020565000300021485600490024494200100029399900210030395200910032420260306150017.0008 260114s9999 xx 000 0 eng d a9780748694563 aEbook aCRL beng cCRL 2eng aeng qCRL 2aA Historical Syntax of English bEdinburgh University Press c2015 aLinguistics and Semiotics uhttps://www.degruyter.com/isbn/9780748694563 cEBOOK c1693003d1693003 00104070aCRLbCRLd2026-03-06l0pCL1994540r2026-03-06 15:00:17w2026-03-06yEBOOK